| 000 | 01031nac a22002411u 4500 | ||
|---|---|---|---|
| 008 | 090530t xxu||||| |||| 00| 0 eng d | ||
| 010 | _a 2004044284 | ||
| 020 | _a9780321513250 | ||
| 020 | _a0321513258 | ||
| 082 | 0 | 0 |
_a004.678 _bKUR |
| 100 |
_aKurose, James F. _95614 |
||
| 245 | 1 | 0 |
_aComputer networking : _bA top-down approach / _cJames F. Kurose, Keith W. Ross; International edition adapted by Bhojan Anand. |
| 250 |
_a4th ed. _bPearson International Edition. |
||
| 260 |
_aBoston : _bPearson/Addison Wesley, _cc2008. |
||
| 300 |
_a878 p. : _bill. ; _c24 cm. |
||
| 504 | _aIncludes bibliographical references and index. | ||
| 650 | 0 |
_aInternet. _95615 |
|
| 650 | 0 |
_aComputer networks. _95616 |
|
| 700 | 1 |
_aRoss, Keith W., _d1956- _95617 |
|
| 700 | 1 |
_aAnand, Bhojan, _95618 |
|
| 942 |
_cBB _k004.678KUR _2ddc |
||
| 999 |
_c11689 _d11689 |
||